000 00336nam a2200145 4500
008 190524s1970||||xo d
245 1 0 _aLabyrint sveta a ráj srdce
260 _bOdeon
_aPraha
_c1970
100 1 _aKomenský Ján Amos
_91155
250 _a1.vydanie
020 _c0
041 1 _aslo
044 _axo
_cSK
958 _aAUL
999 _c22458
_d22458